000 01309nam a22002177a 4500
003 SISC
005 20170926154332.0
008 170926b xxu||||| |||| 00| 0 eng d
020 _a9780553509960
050 _aPZ 7
_b.P353 2014
100 _aPalacio, R. J.
_eAuthor
245 _a365 days of wonder :
_bMr. Browne's precepts /
_cR.J. Palacio
260 _aNew York :
_bAlfred A. Knopf,
_c2014.
300 _a465 pages :
_billustrations ;
_c21 cm.
520 _aAugust Pullman stole the hearts of over a million readers in the bestselling, award-winning WONDER. 365 DAYS OF WONDER is a beautiful companion to the novel: a collection of quotes and wise words, one for every day of the year. It includes funny, insightful, inspiring thoughts from WONDER's fans, famous authors and personalities - from Roald Dahl and Paul McCartney to Anne Frank, Tolkien and Popeye - and from the novel itself. It's the perfect gift for anyone who loved WONDER, and it's a book to be treasured and enjoyed again and again.
650 _2Library of Congress Subject Headings
_aConduct of life
_vQuotations, maxims, etc.
650 _2Library of Congress Subject Headings
_aQuotations
_vJuvenile literature
650 _2Library of Congress Subject Headings
_aMaxims
_vJuvenile literature
942 _2lcc
_cBK
999 _c344409
_d344409